[Event "World Blitz 2023"]
[Site "Samarkand UZB"]
[Date "2023.12.29"]
[EventDate "2023.12.29"]
[Round "10.41"]
[Result "1/2-1/2"]
[White "Sumiya Bilguun"]
[Black "Vadim Zvjaginsev"]
[WhiteElo "2407"]
[BlackElo "2570"]
[PlyCount "96"]

1. e4 c5 2. Nc3 g6 3. d4 cxd4 4. Qxd4 Nf6 5. Nf3 Nc6 6. Qa4 d6 7. e5 dxe5
8. Nxe5 Qd4 9. Nxc6 Qxa4 10. Nxa4 bxc6 11. Bd2 Nd5 12. O-O-O f6 13. Bc4 e5
14. Rhe1 g5 15. Nc3 Be6 16. Ne4 Be7 17. Bb3 Kf7 18. f3 Rhd8 19. Ba5 Nb6 20.
Bxe6+ Kxe6 21. g4 Rd5 22. Bc3 Na4 23. Bd2 Rad8 24. c3 Nc5 25. Nxc5+ Bxc5
26. Kc2 h5 27. h3 Rh8 28. b4 Be7 29. Be3 a6 30. a3 hxg4 31. hxg4 Rh3 32.
Rf1 Rxd1 33. Kxd1 e4 34. Ke2 Rxf3 35. Rxf3 exf3+ 36. Kxf3 f5 37. c4 Ke5 38.
Bf2 fxg4+ 39. Kxg4 Ke4 40. c5 Kd3 41. a4 Kc4 42. Be1 Kb3 43. b5 cxb5 44.
axb5 axb5 45. c6 Bd8 46. Bg3 b4 47. c7 Bxc7 48. Bxc7 1/2-1/2

[Event "World Blitz 2023"]
[Site "Samarkand UZB"]
[Date "2023.12.29"]
[EventDate "2023.12.29"]
[Round "10.42"]
[Result "1-0"]
[White "Benjamin Haldorsen"]
[Black "Timur Gareyev"]
[WhiteElo "2405"]
[BlackElo "2569"]
[PlyCount "152"]

1. e4 c6 2. d4 d5 3. Nd2 a6 4. exd5 cxd5 5. Bd3 Nc6 6. c3 Nh6 7. Nb3 g6 8.
Nf3 Bg7 9. Bf4 Bf5 10. Qd2 Ng4 11. Bxf5 gxf5 12. h3 Nf6 13. O-O-O Ne4 14.
Qe3 a5 15. Nc5 Qb6 16. g4 a4 17. gxf5 a3 18. b3 Qa5 19. Nxe4 dxe4 20. Nd2
Rc8 21. Kb1 Qxf5 22. Qxe4 Qa5 23. Rc1 b5 24. Rhg1 Bf6 25. Qf5 Qd8 26. Ne4
h5 27. Nxf6+ exf6 28. Rce1+ Kf8 29. Qc5+ Ne7 30. Qb4 Rc6 31. Re3 Re6 32.
Rge1 Kg7 33. Rxe6 Nd5 34. Qc5 fxe6 35. Rg1+ Kf7 36. Qa7+ Qe7 37. Qxe7+ Nxe7
38. Bc1 Nd5 39. Rg3 Rc8 40. Bd2 f5 41. Kc2 h4 42. Rg5 Nf6 43. f3 Nd5 44.
Kd3 Kf6 45. Rh5 Kg6 46. Rxh4 f4 47. Rg4+ Kf5 48. c4 bxc4+ 49. bxc4 Ne3 50.
Bxe3 fxe3 51. Re4 Rb8 52. Rxe3 Rb2 53. Kc3 Rxa2 54. Kb3 Ra1 55. Rc3 Rd1 56.
c5 Rxd4 57. c6 Rd8 58. c7 Rc8 59. Kxa3 Ke5 60. Kb4 Kd6 61. Kb5 Rxc7 62.
Rxc7 Kxc7 63. Kc5 Kd7 64. f4 Ke7 65. Kd4 Kf6 66. Ke4 Kf7 67. Ke5 Ke7 68. h4
Kf7 69. h5 Ke7 70. h6 Kf7 71. h7 Kg7 72. Kxe6 Kh8 73. f5 Kg7 74. Ke7 Kh8
75. f6 Kxh7 76. f7 1-0

[Event "World Blitz 2023"]
[Site "Samarkand UZB"]
[Date "2023.12.29"]
[EventDate "2023.12.29"]
[Round "10.43"]
[Result "0-1"]
[White "Henriquez Villagra, Cristobal"]
[Black "Maksim Tsaruk"]
[WhiteElo "2568"]
[BlackElo "2378"]
[PlyCount "52"]

1. d4 f5 2. Bf4 Nf6 3. e3 g6 4. h4 h6 5. Nc3 Bg7 6. Qf3 d6 7. Bc4 e6 8. Bb3
Qe7 9. O-O-O Nc6 10. Nge2 Bd7 11. Qg3 O-O-O 12. Qxg6 Be8 13. Bxe6+ Qxe6 14.
Qxg7 Rg8 15. Qxh6 Rg6 16. d5 Nxd5 17. Nxd5 Rxh6 18. Bxh6 Qxh6 19. h5 Bf7
20. Nef4 Rg8 21. f3 Bxd5 22. Rxd5 Ne5 23. b3 c6 24. Rdd1 d5 25. Kb1 a5 26.
Rh2 a4 0-1

[Event "World Blitz 2023"]
[Site "Samarkand UZB"]
[Date "2023.12.29"]
[EventDate "2023.12.29"]
[Round "10.44"]
[Result "0-1"]
[White "Akmal Fayzullaev"]
[Black "Robert Ruck"]
[WhiteElo "2342"]
[BlackElo "2561"]
[PlyCount "50"]

1. d4 Nf6 2. c4 e6 3. Nc3 Bb4 4. Nf3 d5 5. cxd5 exd5 6. Bg5 h6 7. Bh4 g5 8.
Bg3 Ne4 9. Nd2 Nxg3 10. hxg3 c6 11. e3 Be6 12. Qb3 Qb6 13. Bd3 Nd7 14.
O-O-O O-O-O 15. Kb1 Be7 16. Qc2 Kb8 17. Nb3 h5 18. Bf5 Qc7 19. Bxe6 fxe6
20. Qg6 Nf6 21. Rdf1 Rdg8 22. Qd3 h4 23. Ne2 Bd6 24. Nd2 hxg3 25. Rxh8 0-1

[Event "World Blitz 2023"]
[Site "Samarkand UZB"]
[Date "2023.12.29"]
[EventDate "2023.12.29"]
[Round "10.45"]
[Result "1-0"]
[White "Denis Khismatullin"]
[Black "Zhandos Agmanov"]
[WhiteElo "2552"]
[BlackElo "2407"]
[PlyCount "96"]

1. c4 e6 2. Nf3 d5 3. d4 Nf6 4. Nc3 Bb4 5. Qa4+ Nc6 6. Ne5 O-O 7. Nxc6
Bxc3+ 8. bxc3 bxc6 9. Bg5 Bd7 10. e3 c5 11. Qa3 cxd4 12. cxd4 h6 13. Bh4 g5
14. Bg3 Ne4 15. Bd3 h5 16. Bxe4 dxe4 17. h4 g4 18. Qc5 f5 19. O-O f4 20.
Bxf4 Rf5 21. Qxc7 Qxc7 22. Bxc7 Rc8 23. Be5 Rxc4 24. Rfc1 Bb5 25. Rxc4 Bxc4
26. a4 Rf7 27. Rc1 Bd5 28. a5 a6 29. Rc2 Rf8 30. Kh2 Rf7 31. Kg3 Kh7 32.
Rc8 Rb7 33. Rh8+ Kg6 34. Rg8+ Kh6 35. Bf4+ Kh7 36. Rg5 Rb5 37. Rxh5+ Kg6
38. Rg5+ Kf7 39. Bc7 Rb7 40. Bb6 Kf6 41. Rxg4 Bc4 42. Rxe4 Rh7 43. Rf4+ Ke7
44. f3 Kd6 45. e4 Kc6 46. Rf6 Rg7+ 47. Kf2 Kb5 48. h5 1-0

[Event "World Blitz 2023"]
[Site "Samarkand UZB"]
[Date "2023.12.29"]
[EventDate "2023.12.29"]
[Round "10.46"]
[Result "1-0"]
[White "Jakub Seemann"]
[Black "Boris Savchenko"]
[WhiteElo "2332"]
[BlackElo "2513"]
[PlyCount "132"]

1. d4 d5 2. c4 e6 3. Nf3 c6 4. e3 f5 5. Be2 Nf6 6. O-O Bd6 7. b3 Qe7 8. a4
b6 9. Ba3 Bxa3 10. Nxa3 O-O 11. Nc2 Bb7 12. b4 a5 13. cxd5 exd5 14. b5 c5
15. Ne5 Nbd7 16. Nxd7 Qxd7 17. dxc5 bxc5 18. Bf3 Qe6 19. Qd2 Ne4 20. Bxe4
Qxe4 21. f3 Qe5 22. Rfe1 Rf6 23. Rac1 Rh6 24. h3 Qg3 25. Qf2 Rxh3 26. Qxg3
Rxg3 27. Kf2 Rg6 28. Na1 c4 29. Nc2 Kf7 30. Nd4 Rf6 31. f4 g6 32. Ke2 Kg7
33. Kd2 Re8 34. g3 Bc8 35. Nc6 Bd7 36. Ne5 Bc8 37. Nc6 Bd7 38. Ne5 Be6 39.
Kc3 Bc8 40. Nc6 Rfe6 41. Kd4 Re4+ 42. Kxd5 c3 43. Rxc3 Rxa4 44. Kc5 Ra2 45.
Kd6 a4 46. Nd4 Kf6 47. b6 Rb2 48. Kc7 Ba6 49. Rc6+ Kf7 50. Rh1 Re7+ 51. Kd6
Ke8 52. Rhc1 Rxe3 53. Ne6 Rd2+ 54. Kc7 Rd7+ 55. Kb8 Rb7+ 56. Ka8 Ke7 57.
Nc5 Bb5 58. Nxb7 Bxc6 59. Rxc6 a3 60. Rc2 Rb3 61. Ka7 Rb2 62. Rc3 a2 63.
Ra3 Kd7 64. Nc5+ Kc6 65. b7 Rb1 66. Rxa2 Kd5 1-0

[Event "World Blitz 2023"]
[Site "Samarkand UZB"]
[Date "2023.12.29"]
[EventDate "2023.12.29"]
[Round "10.47"]
[Result "0-1"]
[White "Bakhrom Bakhrillaev"]
[Black "Rustam Khusnutdinov"]
[WhiteElo "1994"]
[BlackElo "2499"]
[PlyCount "76"]

1. d4 d5 2. c4 e6 3. Nc3 Nf6 4. cxd5 exd5 5. Bg5 Be7 6. e3 h6 7. Bh4 Bg4 8.
Qb3 Nbd7 9. Nf3 O-O 10. Be2 c5 11. dxc5 Nxc5 12. Qd1 Nce4 13. O-O Nxc3 14.
bxc3 Ne4 15. Bxe7 Qxe7 16. Rc1 Rac8 17. h3 Bxf3 18. Bxf3 Nxc3 19. Qb3 Qc5
20. Rc2 b5 21. Rfc1 b4 22. a3 a5 23. axb4 axb4 24. Kh1 d4 25. exd4 Qxd4 26.
Rb2 Rb8 27. Re1 Na4 28. Rc2 Nc5 29. Qc4 Qxc4 30. Rxc4 Nd3 31. Re3 b3 32.
Rxd3 b2 33. Rd1 b1=Q 34. Rxb1 Rxb1+ 35. Kh2 Rb2 36. Kg3 Rd8 37. Bg4 Rd3+
38. Kh2 0-1

[Event "World Blitz 2023"]
[Site "Samarkand UZB"]
[Date "2023.12.29"]
[EventDate "2023.12.29"]
[Round "10.48"]
[Result "1-0"]
[White "Mikhail Bryakin"]
[Black "Sinisa Drazic"]
[WhiteElo "2495"]
[BlackElo "2276"]
[PlyCount "104"]

1. c4 e5 2. Nc3 Bb4 3. Nd5 Bd6 4. d4 c6 5. Nc3 Nf6 6. Nf3 e4 7. Ng5 Bb4 8.
Bd2 Bxc3 9. Bxc3 h6 10. Nh3 d5 11. e3 dxc4 12. Bxc4 Nd5 13. Bxd5 Qxd5 14.
Nf4 Qf5 15. d5 O-O 16. Qd4 f6 17. O-O-O Rd8 18. g4 Qh7 19. d6 Bxg4 20. Rhg1
Qf5 21. Qc4+ Kh7 22. Bxf6 b5 23. Qb3 Na6 24. Bxd8 Bxd1 25. Rxd1 Rxd8 26.
Qe6 Qc5+ 27. Kb1 Nb4 28. Qxe4+ Kg8 29. d7 Nd5 30. Qe8+ Qf8 31. Qe6+ Qf7 32.
Qxc6 Nxf4 33. exf4 Qf5+ 34. Ka1 Qxf4 35. Qd5+ Kh8 36. Qxb5 Qxf2 37. Qa5 Qf6
38. Qd2 Qe5 39. a3 a5 40. a4 Qf5 41. b3 Kh7 42. Ka2 Kh8 43. Qd3 Qe5 44. Rd2
Qf4 45. Qd5 Qe3 46. Qd4 Qg5 47. h4 Qf5 48. Qd5 Qf4 49. h5 Qe3 50. Qd3 Qe5
51. Qd5 Qc3 52. Re2 Qf6 1-0

[Event "World Blitz 2023"]
[Site "Samarkand UZB"]
[Date "2023.12.29"]
[EventDate "2023.12.29"]
[Round "10.49"]
[Result "1-0"]
[White "Khumoyun Begmuratov"]
[Black "Victor Bologan"]
[WhiteElo "2276"]
[BlackElo "2489"]
[PlyCount "118"]

1. e4 c5 2. Nf3 d6 3. d4 cxd4 4. Qxd4 Nc6 5. Qe3 e5 6. Be2 Nf6 7. c4 Be7 8.
O-O O-O 9. Nc3 Be6 10. Rd1 Nd7 11. b3 Nc5 12. Bb2 h6 13. Nd5 Bg5 14. Nxg5
Qxg5 15. Qxg5 hxg5 16. f3 Rac8 17. Rd2 Rfd8 18. Rad1 Kf8 19. Nc3 Nd4 20.
Bf1 b6 21. Nb1 Nc6 22. Rxd6 Rxd6 23. Rxd6 Ke7 24. Rd2 g6 25. Nc3 f5 26.
Nd5+ Kf7 27. Nc3 Nd4 28. b4 Nd7 29. Nd5 Nc6 30. a3 a5 31. Bc3 axb4 32. axb4
Ra8 33. b5 Nd8 34. Nc7 Ra4 35. Nxe6 Kxe6 36. Kf2 Nb7 37. Bd3 Nbc5 38. Bb1
Ke7 39. exf5 Rxc4 40. Bb2 gxf5 41. Bxf5 Rb4 42. Ba3 Rd4 43. Rxd4 exd4 44.
Bb2 Nb3 45. Bc2 Ndc5 46. Ke2 Ke6 47. g3 Kd5 48. h4 gxh4 49. gxh4 Na5 50. h5
Nc4 51. h6 Ne5 52. h7 Nf7 53. Bc1 Ke6 54. Bf4 Kf6 55. Bc7 Kg7 56. Bxb6 d3+
57. Bxd3 Nxd3 58. Kxd3 Nd6 59. Bd4+ Kg6 1-0

[Event "World Blitz 2023"]
[Site "Samarkand UZB"]
[Date "2023.12.29"]
[EventDate "2023.12.29"]
[Round "10.50"]
[Result "1-0"]
[White "Mikhail Markov"]
[Black "Murtas Kazhgaleyev"]
[WhiteElo "2255"]
[BlackElo "2488"]
[PlyCount "64"]

1. c4 e6 2. Nf3 Nf6 3. g3 d5 4. Bg2 Bd6 5. O-O O-O 6. d4 h6 7. Nfd2 c6 8.
Nc3 e5 9. dxe5 Bxe5 10. cxd5 cxd5 11. Nxd5 Nxd5 12. Nc4 Nc3 13. bxc3 Bxc3
14. Rb1 Nc6 15. Ba3 Re8 16. Nd6 Re6 17. Nxc8 Qxc8 18. Bh3 b6 19. Bxe6 Qxe6
20. Bb2 Rd8 21. Qb3 Qxb3 22. axb3 Bb4 23. Rfd1 Re8 24. e3 a5 25. Rbc1 Bc5
26. Bd4 Bxd4 27. exd4 Nb4 28. d5 Rd8 29. d6 Kf8 30. Rc7 Ke8 31. Re1+ Kf8
32. d7 1-0

[Event "World Blitz 2023"]
[Site "Samarkand UZB"]
[Date "2023.12.29"]
[EventDate "2023.12.29"]
[Round "10.51"]
[Result "0-1"]
[White "Alan Pichot"]
[Black "Emin Ohanyan"]
[WhiteElo "2592"]
[BlackElo "2387"]
[PlyCount "132"]

1. e4 c5 2. Nf3 e6 3. d4 cxd4 4. Nxd4 Nf6 5. Bd3 Nc6 6. Nxc6 bxc6 7. O-O d5
8. Nc3 Be7 9. Qe2 O-O 10. Bd2 Bb7 11. Rae1 Nd7 12. Ba6 Bxa6 13. Qxa6 Qb6
14. Qxb6 Nxb6 15. b3 Rfd8 16. Re2 a5 17. Rd1 d4 18. Nb1 a4 19. Bf4 Rd7 20.
Kf1 c5 21. Nd2 f6 22. Nf3 e5 23. Bd2 axb3 24. axb3 c4 25. bxc4 Nxc4 26. Be1
Kf7 27. Rb1 Rda7 28. Nd2 Na3 29. Rc1 Rc8 30. Nb3 Rac7 31. Ba5 Rc6 32. Ra1
Nxc2 33. Rd1 Na3 34. Be1 Rc2 35. Rxc2 Rxc2 36. Nd2 Ke6 37. f4 Nb5 38. Nf3
Nc3 39. Ra1 d3 40. Ra6+ Kd7 41. fxe5 Bc5 42. exf6 gxf6 43. e5 Ne4 44. exf6
d2 45. Nxd2 Nxd2+ 46. Ke2 Nb3+ 47. Kf3 Rc1 48. Bh4 Nd4+ 49. Ke4 Nb5 50. f7
Nc7 51. Rf6 Bf8 52. Rf3 Rc4+ 53. Kf5 Rxh4 54. Kf6 Nd5+ 55. Ke5 Rh5+ 56. Ke4
Ke6 57. g4 Rxh2 58. Rb3 Re2+ 59. Kd4 Nf6 60. Rb7 Rc2 61. Kd3 Rc5 62. Ke3
Nxg4+ 63. Kd4 Rd5+ 64. Ke4 Rd7 65. Rb6+ Kxf7 66. Kf5 Ne3+ 0-1

[Event "World Blitz 2023"]
[Site "Samarkand UZB"]
[Date "2023.12.29"]
[EventDate "2023.12.29"]
[Round "10.52"]
[Result "0-1"]
[White "V Pranav"]
[Black "Cem Kaan Gokerkan"]
[WhiteElo "2562"]
[BlackElo "2365"]
[PlyCount "130"]

1. e4 c5 2. Nf3 d6 3. d4 cxd4 4. Nxd4 Nf6 5. Nc3 e5 6. Nf3 Be7 7. Bc4 O-O
8. Bg5 Be6 9. Bb3 Nbd7 10. O-O Rc8 11. Re1 a6 12. h3 h6 13. Bh4 b5 14. Bxf6
Nxf6 15. Nd5 Bxd5 16. exd5 Nd7 17. a4 Nc5 18. c3 f5 19. axb5 axb5 20. Nxe5
dxe5 21. d6+ Kh8 22. dxe7 Qxe7 23. Bc2 e4 24. Qe2 b4 25. cxb4 Ne6 26. Ba4
Qxb4 27. Red1 Nf4 28. Qd2 Qb8 29. b3 Rcd8 30. Qe3 Qe5 31. b4 Nd3 32. Bc6
Nxb4 33. Bb7 Nc2 34. Qb6 Rd3 35. Rac1 Nd4 36. Re1 Rd2 37. Qb4 Rd8 38. Rc8
Rxc8 39. Bxc8 Rc2 40. Bd7 Qc5 41. Qb8+ Kh7 42. Rf1 Qc7 43. Qe8 Qd6 44. Qf7
Qg6 45. Qe7 Rd2 46. Be8 Qd6 47. Qf7 Qe6 48. Qxe6 Nxe6 49. Ra1 Rd8 50. Bf7
Nd4 51. Ra6 g5 52. Bg6+ Kg7 53. Bh5 f4 54. Rg6+ Kh7 55. Rf6 e3 56. fxe3
fxe3 57. Rf7+ Kg8 58. Re7 Nf5 59. Re5 Ng3 60. Bf3 Rd3 61. Bg4 Kg7 62. Re7+
Kf8 63. Re5 Ra3 64. h4 gxh4 65. Kh2 Ra1 0-1

[Event "World Blitz 2023"]
[Site "Samarkand UZB"]
[Date "2023.12.29"]
[EventDate "2023.12.29"]
[Round "10.53"]
[Result "1/2-1/2"]
[White "Anton Demchenko"]
[Black "Alisher Suleymenov"]
[WhiteElo "2545"]
[BlackElo "2326"]
[PlyCount "94"]

1. e4 c5 2. Nf3 Nc6 3. Nc3 g6 4. Bb5 Bg7 5. O-O e5 6. a3 Nge7 7. b4 d6 8.
d3 O-O 9. Bg5 h6 10. Bxe7 Nxe7 11. Bc4 a6 12. bxc5 dxc5 13. a4 Nc6 14. Rb1
Kh7 15. Nd5 Rb8 16. h3 Be6 17. Nd2 Na5 18. Ba2 b5 19. axb5 axb5 20. Nb3
Bxd5 21. exd5 Nxb3 22. Bxb3 e4 23. c4 exd3 24. cxb5 Rxb5 25. Qxd3 Rb4 26.
Bc4 Qd6 27. g3 Rfb8 28. Kg2 Bd4 29. Rxb4 Rxb4 30. Rc1 Kg7 31. Rc2 Ra4 32.
Qf3 h5 33. h4 Rb4 34. Bd3 Rb3 35. Qe4 Qf6 36. Bc4 Rc3 37. f3 Re3 38. Qf4
Qxf4 39. gxf4 Bf6 40. Kg3 Be7 41. f5 gxf5 42. Kf4 Re1 43. Kxf5 Bxh4 44.
Rg2+ Kf8 45. Rh2 Bg3 46. Rxh5 Re5+ 47. Kg4 Rxh5 1/2-1/2

[Event "World Blitz 2023"]
[Site "Samarkand UZB"]
[Date "2023.12.29"]
[EventDate "2023.12.29"]
[Round "10.54"]
[Result "0-1"]
[White "Deshun Xiu"]
[Black "Ediz Gurel"]
[WhiteElo "2493"]
[BlackElo "2359"]
[PlyCount "76"]

1. Nf3 d5 2. g3 g6 3. Bg2 Bg7 4. d4 Nf6 5. O-O O-O 6. c3 c6 7. Nbd2 Bf5 8.
Nh4 Be6 9. e4 dxe4 10. Nxe4 Nxe4 11. Bxe4 Bd5 12. Qe2 Bxe4 13. Qxe4 Nd7 14.
Re1 e5 15. Nf3 exd4 16. Nxd4 Re8 17. Qxe8+ Qxe8 18. Rxe8+ Rxe8 19. Be3 Nb6
20. Rd1 Nc4 21. Bc1 Bxd4 22. Rxd4 Re1+ 23. Kg2 Rxc1 24. Rxc4 Rc2 25. Rb4 b5
26. Kf3 a5 27. Rb3 a4 28. Rb4 a3 29. bxa3 Rxc3+ 30. Ke4 Rxa3 31. Rb2 Rc3
32. Ke5 Kg7 33. f4 h5 34. Rf2 b4 35. f5 g5 36. Rd2 c5 37. Rd8 Re3+ 38. Kd6
Rd3+ 0-1

[Event "World Blitz 2023"]
[Site "Samarkand UZB"]
[Date "2023.12.29"]
[EventDate "2023.12.29"]
[Round "10.55"]
[Result "0-1"]
[White "Xiangyu Xu"]
[Black "Lev Zverev"]
[WhiteElo "2491"]
[BlackElo "2299"]
[PlyCount "68"]

1. d4 Nf6 2. c4 e6 3. Nc3 Bb4 4. f3 c5 5. d5 O-O 6. e4 d6 7. Ne2 b5 8. Nf4
bxc4 9. Bxc4 exd5 10. Nxd5 Be6 11. Bg5 Nbd7 12. O-O Rb8 13. Ne2 Bxd5 14.
Bxd5 Qb6 15. Kh1 Nxd5 16. Qxd5 Ne5 17. a3 Ba5 18. Rab1 c4 19. Nd4 Bc3 20.
Nf5 Bxb2 21. Be7 Rfe8 22. Bxd6 Rbd8 23. Rxb2 Qxb2 24. Qc5 Qe2 25. Ra1 Nd3
26. Qc7 Qb2 27. Rf1 c3 28. Be7 Rc8 29. Qg3 g6 30. Bf6 Qd2 31. f4 c2 32.
Nh6+ Kf8 33. f5 Nf2+ 34. Kg1 c1=Q 0-1

[Event "World Blitz 2023"]
[Site "Samarkand UZB"]
[Date "2023.12.29"]
[EventDate "2023.12.29"]
[Round "10.56"]
[Result "0-1"]
[White "Gianmarco Leiva"]
[Black "Mukhammadzokhid Suyarov"]
[WhiteElo "2338"]
[BlackElo "2449"]
[PlyCount "76"]

1. d4 e6 2. Nf3 Nf6 3. Bf4 d5 4. e3 c5 5. c3 Nc6 6. Nbd2 Be7 7. Ne5 Qb6 8.
Qb3 Nd7 9. Ndf3 O-O 10. Be2 Ndxe5 11. dxe5 Bd7 12. Qc2 f5 13. exf6 Bxf6 14.
Ng5 Bxg5 15. Bxg5 e5 16. e4 d4 17. Bc4+ Kh8 18. O-O Rae8 19. Bd5 Ne7 20.
Bxe7 Rxe7 21. Rac1 Bb5 22. c4 Bd7 23. Rcd1 Qg6 24. Rd3 b6 25. Qd2 Rf4 26.
Rg3 Qf6 27. a3 h5 28. b4 h4 29. Rb3 Bg4 30. bxc5 bxc5 31. g3 Rf3 32. Rb8+
Kh7 33. Rfb1 Rxa3 34. Rd8 h3 35. Rc1 Qf3 36. Bg8+ Kg6 37. Rd6+ Kh5 38. Rh6+
gxh6 0-1

[Event "World Blitz 2023"]
[Site "Samarkand UZB"]
[Date "2023.12.29"]
[EventDate "2023.12.29"]
[Round "10.57"]
[Result "1-0"]
[White "Mamikon Gharibyan"]
[Black "Saidakbar Saydaliev"]
[WhiteElo "2444"]
[BlackElo "2323"]
[PlyCount "86"]

1. e4 e5 2. Nf3 Nc6 3. Bb5 a6 4. Ba4 Nf6 5. d3 b5 6. Bb3 Bc5 7. c3 d6 8.
Bg5 Rb8 9. Nbd2 h6 10. Bh4 Bb6 11. a4 Bb7 12. axb5 axb5 13. Nf1 g5 14. Bg3
Ne7 15. Ne3 O-O 16. h4 g4 17. Ng5 Qd7 18. d4 exd4 19. cxd4 hxg5 20. hxg5
Nxe4 21. Nxg4 Ng6 22. Qf3 Kg7 23. Nf6 Nxg5 24. Nh5+ Kg8 25. Qf6 Qe7+ 26.
Kf1 Qxf6 27. Nxf6+ Kg7 28. Nh5+ Kg8 29. Nf6+ Kg7 30. Nh5+ Kh6 31. Nf6+ Nh4
32. Rxh4+ Kg6 33. Nd7 f5 34. Nxb6 cxb6 35. Bxd6 Rh8 36. Rxh8 Rxh8 37. Kg1
Nf3+ 38. gxf3 Bxf3 39. Bh2 f4 40. Bd1 Be4 41. f3 Bd5 42. Bxf4 Kf5 43. Be5
1-0

[Event "World Blitz 2023"]
[Site "Samarkand UZB"]
[Date "2023.12.29"]
[EventDate "2023.12.29"]
[Round "10.59"]
[Result "1-0"]
[White "Sumiya Chinguun"]
[Black "Abdimalik Abdisalimov"]
[WhiteElo "2200"]
[BlackElo "2417"]
[PlyCount "112"]

1. e4 c5 2. Nc3 d6 3. f4 g6 4. Nf3 Bg7 5. Bc4 Nc6 6. O-O e6 7. Bb5 Ne7 8.
d4 cxd4 9. Ne2 a6 10. Bxc6+ bxc6 11. Nexd4 c5 12. Ne2 Bb7 13. Ng3 O-O 14.
Kh1 d5 15. e5 d4 16. Nd2 Nf5 17. Nxf5 exf5 18. Qe2 Re8 19. Qf2 f6 20. exf6
Bxf6 21. Nc4 Bh4 22. Qd2 Re4 23. Qd3 Qe7 24. Ne5 Bd5 25. c4 Bb7 26. Bd2 Re8
27. b4 Bf6 28. Nf3 cxb4 29. Rab1 a5 30. a3 bxa3 31. c5 Bd5 32. Qxa3 Re2 33.
Bxa5 Ra8 34. Ra1 d3 35. Qxd3 Bxa1 36. Qxd5+ Kg7 37. Qxa8 Bf6 38. Qd5 Rc2
39. c6 Rc5 40. Qd2 Rxc6 41. h3 Qe4 42. Re1 Qc4 43. Qd7+ Kh6 44. Bd2 Rc7 45.
Qe6 Kg7 46. Qxc4 Rxc4 47. Rc1 Re4 48. Rc7+ Kg8 49. Ng5 Re2 50. Rd7 h6 51.
Nf3 Re4 52. Kg1 Re2 53. Kf1 Re4 54. Kf2 Ra4 55. Be3 Ra2+ 56. Kg3 1-0

[Event "World Blitz 2023"]
[Site "Samarkand UZB"]
[Date "2023.12.29"]
[EventDate "2023.12.29"]
[Round "10.60"]
[Result "1-0"]
[White "David Akhmedov"]
[Black "Aldiyar Ansat"]
[WhiteElo "2154"]
[BlackElo "2404"]
[PlyCount "76"]

1. c4 g6 2. Nc3 Nf6 3. Nf3 Bg7 4. b3 O-O 5. Bb2 d6 6. d4 Nc6 7. e3 e5 8.
Be2 Re8 9. a3 e4 10. Nd2 a5 11. g4 h6 12. h3 d5 13. cxd5 Nxd5 14. Ndxe4
Nxc3 15. Nxc3 Be6 16. Qc2 Bd7 17. O-O-O Qh4 18. Bc4 Ne7 19. f4 c6 20. e4 b5
21. Be2 b4 22. Na4 bxa3 23. Bxa3 Qg3 24. f5 Qe3+ 25. Kb1 Bxd4 26. Bc1 Qf2
27. Rhf1 Qg3 28. Rxd4 Ra7 29. Rd3 Qg2 30. Bb2 Rf8 31. Rfd1 gxf5 32. Rxd7
Rxd7 33. Rxd7 Ng6 34. Bd3 Qh1+ 35. Ka2 Qxh3 36. Qc3 f6 37. Bc4+ Kh8 38.
Qxh3 1-0

[Event "World Blitz 2023"]
[Site "Samarkand UZB"]
[Date "2023.12.29"]
[EventDate "2023.12.29"]
[Round "10.61"]
[Result "0-1"]
[White "Giovanni Vescovi"]
[Black "Matvey Galchenko"]
[WhiteElo "2593"]
[BlackElo "2424"]
[PlyCount "128"]

1. Nf3 c5 2. c4 g6 3. g3 Bg7 4. Bg2 Nc6 5. O-O e6 6. Nc3 Nge7 7. d3 d5 8.
cxd5 exd5 9. e4 O-O 10. Bf4 dxe4 11. dxe4 Qb6 12. Qc1 Nd4 13. Re1 Bg4 14.
Nd2 Rfd8 15. Bg5 f6 16. Be3 Rac8 17. b3 Qa6 18. h3 Be6 19. Nf3 Nxf3+ 20.
Bxf3 Bxh3 21. e5 fxe5 22. Bg5 Re8 23. Nd5 Nxd5 24. Bxd5+ Be6 25. Be4 Bf5
26. Bd5+ Kh8 27. Qe3 e4 28. Rad1 Qxa2 29. Bxb7 Rc7 30. Bd5 Qb2 31. Re2 Qc3
32. Qf4 Rd7 33. Qh4 Qe5 34. Red2 h5 35. Bc4 Rxd2 36. Rxd2 Qa1+ 37. Kh2 e3
38. Bxe3 Be4 39. Qxe4 Rxe4 40. Rd8+ Bf8 41. Rxf8+ Kg7 42. Rf7+ Kh8 43. Rf8+
Kg7 44. Rf7+ Kh8 45. Bxc5 Rxc4 46. bxc4 a5 47. Rd7 Qa4 48. Rd8+ Kg7 49.
Bd4+ Kf7 50. c5 Qc4 51. Rd6 a4 52. c6 a3 53. Rd7+ Ke6 54. Bh8 Qxc6 55. Ra7
Qc5 56. Ra6+ Kf7 57. Kg1 Qc1+ 58. Kg2 Qc5 59. Kg1 Qb4 60. Ra7+ Ke6 61. Bg7
a2 62. Bh8 Qb8 63. Ra6+ Kf7 64. Rxa2 Qb1+ 0-1

[Event "World Blitz 2023"]
[Site "Samarkand UZB"]
[Date "2023.12.29"]
[EventDate "2023.12.29"]
[Round "10.62"]
[Result "1-0"]
[White "Ortik Nigmatov"]
[Black "Vugar Asadli"]
[WhiteElo "2382"]
[BlackElo "2584"]
[PlyCount "80"]

1. e4 c5 2. Nf3 e6 3. d4 cxd4 4. Nxd4 Nf6 5. Nc3 Nc6 6. Ndb5 d6 7. Bf4 e5
8. Bg5 a6 9. Na3 b5 10. Nd5 Be7 11. Bxf6 Bxf6 12. c3 Ne7 13. Nxf6+ gxf6 14.
Bd3 d5 15. Nc2 f5 16. exf5 Nxf5 17. Qh5 Qf6 18. Nb4 Ne7 19. O-O-O Bb7 20.
Rhe1 e4 21. Be2 O-O 22. Nc2 Rac8 23. f3 b4 24. Nxb4 Rxc3+ 25. Kb1 Rc7 26.
fxe4 dxe4 27. Rf1 Qg6 28. Qe5 Rfc8 29. Rd8+ Rxd8 30. Qxc7 e3+ 31. Ka1 Qd6
32. Qxb7 Rb8 33. Qf3 Qxb4 34. Qxf7+ Kh8 35. Qf6+ Kg8 36. Qe6+ Kh8 37. Qe5+
Kg8 38. Bc4+ Qxc4 39. Qxb8+ Nc8 40. Qg3+ 1-0

[Event "World Blitz 2023"]
[Site "Samarkand UZB"]
[Date "2023.12.29"]
[EventDate "2023.12.29"]
[Round "10.63"]
[Result "1-0"]
[White "Sabino Brunello"]
[Black "Jamshid Mustafaev"]
[WhiteElo "2573"]
[BlackElo "2323"]
[PlyCount "62"]

1. c4 Nf6 2. g3 g6 3. Bg2 Bg7 4. Nc3 O-O 5. d4 d6 6. e4 Nbd7 7. h3 e5 8.
Nge2 exd4 9. Nxd4 Re8 10. O-O Nc5 11. Re1 a5 12. b3 Nfd7 13. Be3 Nf6 14.
Qc2 c6 15. Rad1 Qe7 16. Bf4 Nfd7 17. Be3 Nf6 18. f4 Nfxe4 19. Nxe4 Nxe4 20.
Bxe4 Qxe4 21. Bf2 Qxe1+ 22. Bxe1 Bxd4+ 23. Rxd4 Rxe1+ 24. Kf2 Re8 25. g4 a4
26. Rxd6 axb3 27. axb3 Be6 28. f5 Bc8 29. Qd2 b5 30. f6 Kh8 31. Qh6 1-0

[Event "World Blitz 2023"]
[Site "Samarkand UZB"]
[Date "2023.12.29"]
[EventDate "2023.12.29"]
[Round "10.64"]
[Result "1/2-1/2"]
[White "Van Foreest, Lucas"]
[Black "Munkhdalai Amilal"]
[WhiteElo "2519"]
[BlackElo "2293"]
[PlyCount "142"]

1. d4 Nf6 2. Nf3 b6 3. c4 Bb7 4. g3 e6 5. Bg2 Bb4+ 6. Nbd2 O-O 7. O-O Bxd2
8. Qxd2 d6 9. b3 Nbd7 10. Bb2 Be4 11. Rfe1 Qc8 12. Nh4 Bxg2 13. Nxg2 Qb7
14. Nf4 Rad8 15. d5 e5 16. Nd3 Ne4 17. Qc2 f5 18. Nb4 Nb8 19. f3 Nc5 20.
Nd3 Nxd3 21. exd3 c6 22. dxc6 Nxc6 23. Qf2 Rde8 24. Rad1 b5 25. f4 a5 26.
fxe5 dxe5 27. Qc5 bxc4 28. dxc4 e4 29. Rd6 Nb4 30. Qd4 Re7 31. c5 Nd3 32.
c6 Qc7 33. Rd1 Nxb2 34. Qxb2 Rfe8 35. Kf1 e3 36. Ke2 Qc8 37. Qd4 f4 38.
Qxf4 Qh3 39. Kd3 e2 40. Re1 Qxh2 41. Rd7 Qg2 42. Qc4+ Kh8 43. Rxe7 Rxe7 44.
Kc2 Qxg3 45. Qd3 Qc7 46. Qd5 g6 47. Kd2 Re5 48. Qd4 Kg8 49. Qc4+ Kf8 50.
Rxe2 Qd6+ 51. Ke1 Rc5 52. Rf2+ Kg7 53. Qf7+ Kh6 54. Kf1 Rc1+ 55. Kg2 Qxc6+
56. Rf3 Rc2+ 57. Kh3 Qc8+ 58. Kg3 Qc7+ 59. Qxc7 Rxc7 60. Rf4 Rc5 61. Kg4
Rg5+ 62. Kh4 Rf5 63. Rxf5 gxf5 64. a3 Kg7 65. b4 axb4 66. axb4 Kf6 67. b5
Ke7 68. Kg5 Kd6 69. Kxf5 Kc5 70. Kg5 Kxb5 71. Kh6 1/2-1/2

[Event "World Blitz 2023"]
[Site "Samarkand UZB"]
[Date "2023.12.29"]
[EventDate "2023.12.29"]
[Round "10.65"]
[Result "1-0"]
[White "Nikolay Averin"]
[Black "Stepan Zilka"]
[WhiteElo "2283"]
[BlackElo "2494"]
[PlyCount "98"]

1. e4 e5 2. Nf3 Nc6 3. Bb5 Nf6 4. O-O Nxe4 5. d4 Nd6 6. dxe5 Nxb5 7. a4
Nbd4 8. Nxd4 Nxd4 9. Qxd4 d5 10. Nc3 c6 11. a5 Bf5 12. Ne2 Qd7 13. b4 Bxc2
14. Ra3 h5 15. h4 Qg4 16. Qd2 Bf5 17. a6 Bxb4 18. axb7 Rb8 19. Qa2 Bxa3 20.
Bxa3 Bd3 21. Re1 Bxe2 22. Rxe2 Rxb7 23. Bd6 Kd7 24. Rb2 Kc8 25. Qa6 Qd7 26.
Rc2 Kd8 27. Rxc6 Rh6 28. Rc5 Re6 29. Qa5+ Ke8 30. Qc3 Rxd6 31. Rc8+ Ke7 32.
exd6+ Qxd6 33. Qe3+ Kf6 34. Qg5+ Ke6 35. g3 f6 36. Qxh5 Re7 37. Qg4+ Kf7
38. Qh5+ Ke6 39. Qg6 Kd7 40. Qc2 d4 41. Ra8 Qb6 42. Qc8+ Kd6 43. Rb8 Qc7
44. Qf8 Ke6 45. Rd8 Qc6 46. Rxd4 Qc5 47. Re4+ Kd7 48. Kh2 Qd6 49. Rb4 1-0